BEN ÇOCUKSAM EĞER (Record no. 725223)

MARC details
000 -LEADER
sabit uzunluktaki kontrol alanı 00252nam a2200097Ia 4500
001 - KONTROL NUMARASI
kontrol alanı 725223
005 - EN SON İŞLEMİN TARİH VE ZAMANI
kontrol alanı 20250826163405.0
008 - SABİT-UZUNLUKTA VERİ ÖĞELERİ--GENEL BİLGİ
sabit uzunluktaki kontrol alanı 250824s9999 xx 000 0 und d
245 #0 - ESER / YAZAR
ESER ADI BEN ÇOCUKSAM EĞER
Yazar Adı BEYZA NUR DEMİRCİ
260 ## - YAYIN, DAĞITIM, VB.
YAYIN EVİ KAYALIPARK YAYINLARI
Holdings
Düşüm durumu Kayıp durumu Hasar Durumu Ödünç verilmez Ana kütüphane Geçerli Kütüphane Edinilen tarih Toplam ödünç verme sayısı Barkod Son görüntüleme tarihi Fiyatın geçerli olmaya başladığı tarih Koha materyal türü
        BORSA İSTANBUL ORTAOKULU BORSA İSTANBUL ORTAOKULU 24.08.2025   10314067 26.08.2025 26.08.2025 Books